Dajme šancu láske! príručka k ročnej téme : Človek s veľkým Č

Bibliographic Details
Main Authors: Urbaníková, Ivka (Author), Stanková, Zuzka (Author), Pavlásková, Mária (Author)
Other Authors: Violová, Zuzana (Illustrator)
Format: Book
Language:Slovak
PhysicalDescription:74 s. ilustr. 30 cm
Published: Bratislava eRko 2003
ISBN:8088710545
Edition:[1. vyd.]
Subjects:

MARC

LEADER 00000nam a2200000 a 4500
001 vtls001463087
003 SK-MaSNL
005 20260302073208.0
008 240314s2003 xo a slo
015 |a SNBA2004/04-01386 
020 |a 8088710545 
035 |a SNK000418393 
035 |a urn:nbn:sk:snk-amluge 
035 |a urn:nbn:sk:snk-am00ccd6 
035 |a F205D858-5F4C-4FC9-ADDB-F20F379BF41A 
040 |a SNK  |b slo  |c SNK  |e AACR2 
041 0 |a slo 
044 |a xo  |c SK 
072 7 |a 27-4  |x Praktická teológia. Morálna teológia  |2 konspekt 
080 |a 37.03:27-47(035)  |2 2. slo 
080 |a 27-47  |2 2. slo 
080 |a 27-47  |2 1981 
080 |a 2-534.35  |2 1981 
080 |a 379.8:793/796  |2 1981 
080 |a (035)  |2 1981 
100 1 |a Urbaníková, Ivka  |4 aut  |9 394791 
245 1 0 |a Dajme šancu láske!  |b príručka k ročnej téme : Človek s veľkým Č  |c [spracovali: Ivka Urbaníková, Zuzka Stanková, Mária Pavlásková ; ilustrovali: Zuzana Violová ... [et al.]] 
250 |a [1. vyd.] 
260 |a Bratislava  |b eRko  |c 2003 
300 |a 74 s.  |b ilustr.  |c 30 cm 
500 |a Text čiast. prel. z nem. 
500 |a Obalový názov 
500 |a Preklady z nem. orig.: Deni Hurná, Ivetka Mokošová 
504 |a Bibliogr. na obálke 
650 0 7 |a výchova kresťanská  |x príručky  |2 SNK  |9 526699 
650 0 7 |a kresťanská výchova  |2 SNK  |9 63301 
650 0 7 |a modlitby  |2 SNK  |9 1743 
650 0 7 |a hry  |2 SNK  |9 1856 
655 7 |a príručky  |2 SNK  |9 74364 
655 7 |a príručky  |2 SNK  |9 74364 
700 1 |a Stanková, Zuzka  |4 aut  |9 737316 
700 1 |a Pavlásková, Mária  |4 aut  |9 328653 
700 1 |a Violová, Zuzana  |4 ill  |9 304929 
919 |a 80-88710-54-5 
958 |a NB 
958 |a OP 
958 |a NS 
958 |a OND 
968 |d 37 
999 |c 1159821  |d 1161751 
952 |t P60, <03>, [BOOK], {603}  |a SNK  |b SNK  |y PREZ  |7 0  |p 17A0404171  |o snkSB 67604  |i snkKSP 14713/2003  |0 0  |1 0  |4 0  |d 2003-11-13  |f 1  |l 0  |r 2025-04-16 00:00:00  |w 2026-02-24 
952 |t P60, <04>, [BOOK], {604}  |a SNK  |b SNK  |y VYP  |7 0  |p 17A0404172  |o snkSB 67604 D1  |i snkKSP 14714/2003  |0 0  |1 0  |4 0  |d 2003-11-13  |l 0  |r 2005-01-02 00:00:00  |w 2026-02-24